01098cam a22002291 4500001001300000003000400013005001700017008004100034010001700075035001900092040005500111050001900166110004100185245014100226260006700367300004400434500001700478500026100495610004100756650003200797700003900829e 29000204 DLC20260227111219.0790915s1929 nyucf 000 0 eng c ae 29000204  a(OCoLC)5377944 aLibrary, U.S. Office of EducationcOCldOCoLCdDLC00aL182b.C7 19282 aUniversity of the State of New York.02aA report of progress, 1921-1928,cby the Board of regents of the University of the state of New York and the State education department. aAlbany,bThe University of the state of New York press,c1929. a2 p. l., 77-34 p.bpl., 2 port.c26 cm. aCover-title. a"Presented by Chancellor Chester S. Lord at a dinner given by the Board of regents upon the completion of the seventh year of the service of Dr. Frank Pierrepont Graves as commissioner of education and president of the University of the state of New York."20aUniversity of the State of New York. 0aEducationzNew York (State)1 aLord, Chester Sanders,d1850-1933.